[Event "Sherbrooke-op B"]
[Site "Sherbrooke CAN"]
[Date "2005.05.28"]
[Round "2"]
[White "Jette, Stephane"]
[Black "Courteau, Bernard"]
[Result "0-1"]
[WhiteElo "1600"]
[BlackElo "1667"]
[PlyCount "80"]
[GameId "2160767910968139"]
[EventDate "2005.05.27"]
[EventType "swiss"]
[EventRounds "5"]
[EventCountry "CAN"]
[SourceTitle "CBM 106 Extra"]
[Source "ChessBase"]
[SourceDate "2005.07.01"]
[SourceVersion "1"]
[SourceVersionDate "2005.07.01"]
[SourceQuality "1"]

1. Nf3 c5 2. c4 Nf6 3. Nc3 d6 4. g3 g6 5. Bg2 Bg7 6. O-O O-O 7. d3 a6 8. Qc2 Nc6 9. a3 Rb8 10. Rb1 b6 11. b4 Bb7 12. e3 Nd7 13. Bd2 e6 14. b5 Nce5 15. Nxe5 dxe5 16. Bxb7 Rxb7 17. a4 a5 18. e4 Nf6 19. Bg5 h6 20. Bxf6 Qxf6 21. Qe2 h5 22. Qe3 Kh7 23. f3 Bh6 24. Qf2 Rd7 25. Rbd1 Qd8 26. Qe2 f5 27. Rfe1 f4 28. Kg2 g5 29. Rf1 Rdf7 30. Rf2 g4 31. Rdf1 Qg5 32. fxg4 hxg4 33. Kg1 f3 34. Qc2 Qd8 35. Re1 Qd4 36. Nd1 Rd7 37. Qb2 Qxd3 38. Qxe5 Qxd1 39. Rxd1 Rxd1+ 40. Rf1 Be3+ 0-1

[Event "Sherbrooke-op B"]
[Site "Sherbrooke CAN"]
[Date "2005.05.28"]
[Round "2"]
[White "Legendre, Leonard"]
[Black "Estevez, Esteban Alejandro"]
[Result "0-1"]
[WhiteElo "1456"]
[BlackElo "1345"]
[PlyCount "122"]
[GameId "2160767910968140"]
[EventDate "2005.05.27"]
[EventType "swiss"]
[EventRounds "5"]
[EventCountry "CAN"]
[SourceTitle "CBM 106 Extra"]
[Source "ChessBase"]
[SourceDate "2005.07.01"]
[SourceVersion "1"]
[SourceVersionDate "2005.07.01"]
[SourceQuality "1"]

1. d4 d5 2. e3 Bf5 3. c4 e6 4. Nc3 Nf6 5. Bd3 Bxd3 6. Qxd3 dxc4 7. Qxc4 Nd5 8. Nf3 c6 9. O-O Be7 10. e4 Nxc3 11. Qxc3 O-O 12. Be3 Nd7 13. Rad1 Nf6 14. Qc2 Rc8 15. h3 Qa5 16. a3 Qh5 17. Bg5 Rfd8 18. Rfe1 h6 19. Bxf6 Bxf6 20. e5 Be7 21. Qe4 Rd5 22. b4 a5 23. Rd3 axb4 24. axb4 Rb5 25. Rb1 Ra8 26. Qe1 Qf5 27. Rdb3 Qc2 28. R3b2 Qc4 29. Rc1 Qd5 30. Rcb1 Ra4 31. Qc3 Bd8 32. Qc2 Ra8 33. Rb3 Bb6 34. Qd3 Ra2 35. R3b2 Bc7 36. Qd2 Rxb2 37. Qxb2 b6 38. Qc2 Bd8 39. Rc1 Be7 40. Qxc6 Qxc6 41. Rxc6 Bxb4 42. Rc1 Rd5 43. Kf1 Kf8 44. Ke2 Ke7 45. Rc7+ Rd7 46. Rxd7+ Kxd7 47. Kd3 b5 48. Nd2 Bxd2 49. Kxd2 Kc6 50. Kc3 Kd5 51. f4 g5 52. fxg5 hxg5 53. g4 Ke4 54. Kb4 Kxd4 55. Kxb5 Kxe5 56. Kc4 Ke4 57. Kc3 Ke3 58. Kc2 Ke2 59. Kc1 e5 60. Kc2 e4 61. Kc3 Kf2 0-1

[Event "Sherbrooke-op B"]
[Site "Sherbrooke CAN"]
[Date "2005.05.28"]
[Round "2"]
[White "Ouellet-Lahaie, Didier"]
[Black "Vallieres, David"]
[Result "1-0"]
[WhiteElo "1625"]
[BlackElo "1598"]
[PlyCount "99"]
[GameId "2160767910968141"]
[EventDate "2005.05.27"]
[EventType "swiss"]
[EventRounds "5"]
[EventCountry "CAN"]
[SourceTitle "CBM 106 Extra"]
[Source "ChessBase"]
[SourceDate "2005.07.01"]
[SourceVersion "1"]
[SourceVersionDate "2005.07.01"]
[SourceQuality "1"]

1. e4 c5 2. Nf3 e6 3. d4 cxd4 4. Nxd4 Nc6 5. Nc3 Qc7 6. Be2 a6 7. O-O Bb4 8. Kh1 Bxc3 9. bxc3 Nf6 10. Bd3 O-O 11. f4 b5 12. Qe1 Bb7 13. Rf3 h6 14. Rh3 Nxd4 15. cxd4 Qc6 16. d5 exd5 17. e5 d4 18. Rg3 Ne4 19. f5 Nxg3+ 20. Qxg3 Kh8 21. Bb2 Qc5 22. Rf1 Rae8 23. Qg4 Rxe5 24. Bxd4 Qd5 25. Bxe5 Qxe5 26. f6 Rg8 27. Qh4 Qd5 28. Rf3 Qxa2 29. fxg7+ Rxg7 30. Qxh6+ Kg8 31. Bh7+ Kh8 32. Bg6+ Kg8 33. Bxf7+ Qxf7 34. Rxf7 Kxf7 35. Qf4+ Ke7 36. Qe5+ Kf7 37. Kg1 Rxg2+ 38. Kf1 Bc6 39. h4 a5 40. h5 Rg7 41. Kf2 a4 42. Ke3 Kg8 43. h6 Rg6 44. Qh5 Kh7 45. Kf4 Rf6+ 46. Kg5 Bf3 47. Qh3 Rf7 48. Qf1 Bd5 49. Qd3+ Kh8 50. Qxd5 1-0

[Event "Sherbrooke-op B"]
[Site "Sherbrooke CAN"]
[Date "2005.05.28"]
[Round "2"]
[White "Paquette, Benoit"]
[Black "Pilotte, Benoit"]
[Result "1/2-1/2"]
[WhiteElo "1570"]
[BlackElo "1715"]
[PlyCount "51"]
[GameId "2160767910968142"]
[EventDate "2005.05.27"]
[EventType "swiss"]
[EventRounds "5"]
[EventCountry "CAN"]
[SourceTitle "CBM 106 Extra"]
[Source "ChessBase"]
[SourceDate "2005.07.01"]
[SourceVersion "1"]
[SourceVersionDate "2005.07.01"]
[SourceQuality "1"]

1. Nf3 g6 2. g3 Bg7 3. Bg2 d5 4. O-O e5 5. d3 Bg4 6. h3 Be6 7. Nbd2 Nc6 8. c3 Qd7 9. Ng5 O-O-O 10. c4 dxc4 11. Nxe6 Qxe6 12. Nxc4 f5 13. Qb3 Kb8 14. Be3 Nge7 15. Rac1 f4 16. Bc5 Nd5 17. Nd6 Rxd6 18. Bxd6 Qxd6 19. Rxc6 Qxc6 20. Bxd5 Qb6 21. Qxb6 axb6 22. Be4 c6 23. Rc1 b5 24. g4 Bf6 25. b3 Kc7 26. Rc2 1/2-1/2

[Event "Sherbrooke-op B"]
[Site "Sherbrooke CAN"]
[Date "2005.05.28"]
[Round "2"]
[White "Saziouk, Alexandre"]
[Black "Lemieux, Richard"]
[Result "0-1"]
[WhiteElo "1744"]
[BlackElo "1611"]
[PlyCount "82"]
[GameId "2160767910968143"]
[EventDate "2005.05.27"]
[EventType "swiss"]
[EventRounds "5"]
[EventCountry "CAN"]
[SourceTitle "CBM 106 Extra"]
[Source "ChessBase"]
[SourceDate "2005.07.01"]
[SourceVersion "1"]
[SourceVersionDate "2005.07.01"]
[SourceQuality "1"]

1. d4 d6 2. Nf3 Nf6 3. Bg5 Nbd7 4. Nbd2 g6 5. e3 Bg7 6. Bc4 O-O 7. c3 c6 8. O-O Qc7 9. h3 Nb6 10. Bb3 e5 11. Qc2 Bf5 12. Qd1 Bd3 13. Re1 e4 14. Nh2 d5 15. Bc2 Bxc2 16. Qxc2 Nh5 17. Bh4 f5 18. f4 exf3 19. Nhxf3 Rae8 20. b3 Bh6 21. Ne5 Rxe5 22. dxe5 Qxe5 23. Nf3 Bxe3+ 24. Kh1 Qf4 25. Bf2 Bxf2 26. Qxf2 Ng3+ 27. Kg1 Ne4 28. Qc2 Nd7 29. c4 Ndf6 30. Rad1 g5 31. Nd4 Re8 32. Rf1 Qe3+ 33. Kh2 Qg3+ 34. Kg1 Qe3+ 35. Kh2 g4 36. Nxf5 g3+ 37. Kh1 Nf2+ 38. Rxf2 Qxf2 39. Qxf2 gxf2 40. Rf1 Re1 41. Ng3 Ne4 0-1

[Event "Sherbrooke-op B"]
[Site "Sherbrooke CAN"]
[Date "2005.05.28"]
[Round "3"]
[White "Courteau, Bernard"]
[Black "Ouellet-Lahaie, Didier"]
[Result "0-1"]
[WhiteElo "1667"]
[BlackElo "1625"]
[PlyCount "52"]
[GameId "2160767910968144"]
[EventDate "2005.05.27"]
[EventType "swiss"]
[EventRounds "5"]
[EventCountry "CAN"]
[SourceTitle "CBM 106 Extra"]
[Source "ChessBase"]
[SourceDate "2005.07.01"]
[SourceVersion "1"]
[SourceVersionDate "2005.07.01"]
[SourceQuality "1"]

1. e4 e5 2. Nf3 Nc6 3. Bb5 Nf6 4. d3 d6 5. Nbd2 a6 6. Ba4 b5 7. Bb3 Be7 8. c3 O-O 9. Nf1 d5 10. exd5 Nxd5 11. Ne3 Nf4 12. d4 exd4 13. Nxd4 Nxd4 14. Qxd4 Qxd4 15. cxd4 Bb7 16. f3 Bf6 17. Nf5 Nxg2+ 18. Kf2 Nh4 19. Nxh4 Bxh4+ 20. Kg2 Rad8 21. Rd1 c5 22. Be3 Rfe8 23. Kh3 Bf6 24. Re1 cxd4 25. Bf2 Bxf3 26. Kg3 Be2 0-1

[Event "Sherbrooke-op B"]
[Site "Sherbrooke CAN"]
[Date "2005.05.28"]
[Round "3"]
[White "Estevez, Esteban Alejandro"]
[Black "Poirier, Vincent"]
[Result "0-1"]
[WhiteElo "1345"]
[BlackElo "1492"]
[PlyCount "94"]
[GameId "2160767910968145"]
[EventDate "2005.05.27"]
[EventType "swiss"]
[EventRounds "5"]
[EventCountry "CAN"]
[SourceTitle "CBM 106 Extra"]
[Source "ChessBase"]
[SourceDate "2005.07.01"]
[SourceVersion "1"]
[SourceVersionDate "2005.07.01"]
[SourceQuality "1"]

1. d4 Nf6 2. c4 e6 3. Nf3 b6 4. g3 Bb7 5. Bg2 Be7 6. O-O O-O 7. Nc3 c5 8. d5 exd5 9. cxd5 d6 10. b3 Re8 11. h3 Bf8 12. Bb2 Nbd7 13. a4 a6 14. Re1 b5 15. axb5 axb5 16. Nh4 Rxa1 17. Bxa1 b4 18. Na4 Ne4 19. Qd3 Ndf6 20. Nf5 Bxd5 21. Bxf6 Qxf6 22. Qxd5 Re5 23. Qc6 Qxf5 24. Bxe4 Qxe4 25. Qxe4 Rxe4 26. e3 Be7 27. Rd1 Kf8 28. Nb6 Ke8 29. Nc4 Kd7 30. Kg2 Kc6 31. Na5+ Kd7 32. Nc4 Re6 33. Nb2 Kc6 34. Nc4 Bd8 35. e4 Bf6 36. Na5+ Kc7 37. Nc4 Bd4 38. Nd2 Kc6 39. f4 d5 40. f5 Re7 41. exd5+ Kxd5 42. Kf3 Re3+ 43. Kf2 Rxb3+ 44. Ke2 Re3+ 45. Kf2 Rd3+ 46. Ke2 Rxg3 47. f6 gxf6 0-1

[Event "Sherbrooke-op B"]
[Site "Sherbrooke CAN"]
[Date "2005.05.28"]
[Round "3"]
[White "Germain, Benoit"]
[Black "Bourassa, Samuel"]
[Result "0-1"]
[WhiteElo "1756"]
[BlackElo "1706"]
[PlyCount "91"]
[GameId "2160767910968146"]
[EventDate "2005.05.27"]
[EventType "swiss"]
[EventRounds "5"]
[EventCountry "CAN"]
[SourceTitle "CBM 106 Extra"]
[Source "ChessBase"]
[SourceDate "2005.07.01"]
[SourceVersion "1"]
[SourceVersionDate "2005.07.01"]
[SourceQuality "1"]

1. e4 g6 2. d4 Bg7 3. Nf3 d6 4. Bc4 Nf6 5. Nc3 O-O 6. O-O Bg4 7. Be3 Nc6 8. h3 Bxf3 9. Qxf3 e5 10. d5 Ne7 11. Qd1 Nd7 12. f4 f5 13. Qe1 h6 14. Rd1 exf4 15. Bxf4 g5 16. Be3 f4 17. Bc1 Ng6 18. Be2 Re8 19. Bh5 Kh7 20. Qe2 Re7 21. Bg4 Qe8 22. Bf5 Kh8 23. Qh5 Nh4 24. Qxe8+ Raxe8 25. Bg4 Nc5 26. Bf3 Bxc3 27. bxc3 Nxe4 28. Bg4 Ng3 29. Be6 Nxf1 30. Rxf1 Rxe6 31. dxe6 Rxe6 32. Kf2 Nf5 33. Bd2 Kg7 34. Rb1 b6 35. Kf3 d5 36. Rd1 c5 37. Bc1 Ne3 38. Re1 Kf6 39. Bxe3 Rxe3+ 40. Rxe3 fxe3 41. Kxe3 h5 42. g3 Ke5 43. a4 g4 44. h4 c4 45. Kf2 Ke4 46. Ke2 0-1

[Event "Sherbrooke-op B"]
[Site "Sherbrooke CAN"]
[Date "2005.05.28"]
[Round "3"]
[White "Hebert, Pierre"]
[Black "Fabry, Christian"]
[Result "1/2-1/2"]
[WhiteElo "1430"]
[BlackElo "1314"]
[PlyCount "81"]
[GameId "2160767910968148"]
[EventDate "2005.05.27"]
[EventType "swiss"]
[EventRounds "5"]
[EventCountry "CAN"]
[SourceTitle "CBM 106 Extra"]
[Source "ChessBase"]
[SourceDate "2005.07.01"]
[SourceVersion "1"]
[SourceVersionDate "2005.07.01"]
[SourceQuality "1"]

1. d4 Nf6 2. c4 c5 3. d5 e6 4. Nc3 exd5 5. Nxd5 d6 6. Nf3 Nxd5 7. Qxd5 h6 8. Qd1 Nc6 9. e3 Be7 10. Bd3 Bg4 11. Be2 Qd7 12. O-O O-O 13. Bd2 f5 14. h3 Bh5 15. Bc3 Bf6 16. Qc2 Bxc3 17. Qxc3 Qe8 18. Qc2 Rf6 19. Rfe1 Rd8 20. Rad1 Rd7 21. Nh2 Bxe2 22. Qxe2 Re7 23. Qd2 Ne5 24. Qd5+ Kh8 25. Nf3 Nxf3+ 26. Qxf3 Re4 27. Qe2 f4 28. Qd2 Rfe6 29. b3 fxe3 30. Rxe3 Rxe3 31. fxe3 Qh5 32. Rf1 Kg8 33. Rf3 Rg6 34. Qf2 Kh7 35. Kh1 a6 36. Qc2 b5 37. Qe4 Qg5 38. Rf5 Qg3 39. h4 Qe1+ 40. Kh2 Qg3+ 41. Kg1 1/2-1/2

[Event "Sherbrooke-op B"]
[Site "Sherbrooke CAN"]
[Date "2005.05.28"]
[Round "3"]
[White "Lemelin, Marc"]
[Black "Furger, Joseph"]
[Result "1-0"]
[WhiteElo "1655"]
[BlackElo "1281"]
[PlyCount "113"]
[GameId "2160767910968150"]
[EventDate "2005.05.27"]
[EventType "swiss"]
[EventRounds "5"]
[EventCountry "CAN"]
[SourceTitle "CBM 106 Extra"]
[Source "ChessBase"]
[SourceDate "2005.07.01"]
[SourceVersion "1"]
[SourceVersionDate "2005.07.01"]
[SourceQuality "1"]

1. d4 d5 2. c4 c6 3. Nf3 Nf6 4. Nc3 Bf5 5. Qb3 Qb6 6. Qxb6 axb6 7. cxd5 cxd5 8. Nb5 Na6 9. Bf4 Rc8 10. Nc3 e6 11. a3 Nh5 12. Bd2 Bd6 13. e3 Nf6 14. Bb5+ Ke7 15. O-O Ne4 16. Rac1 Nc7 17. Be2 f6 18. Na4 Na8 19. Rxc8 Rxc8 20. Rc1 Rxc1+ 21. Bxc1 g5 22. Nd2 g4 23. Nxe4 Bxe4 24. Bxg4 Bc2 25. Nc3 Nc7 26. Be2 b5 27. Nxb5 Nxb5 28. Bxb5 Bb3 29. Kf1 b6 30. Ke2 f5 31. h3 Kf6 32. Bd2 Be7 33. Bd3 Kg7 34. f3 h5 35. e4 Bf6 36. exf5 exf5 37. Bxf5 Bc4+ 38. Bd3 Bb3 39. Be3 Ba4 40. g4 hxg4 41. hxg4 Be7 42. Bf4 b5 43. Be5+ Kg8 44. f4 b4 45. axb4 Bxb4 46. g5 Be8 47. g6 Be7 48. f5 Bg5 49. f6 Bd7 50. b4 Bg4+ 51. Ke1 Bh4+ 52. Kd2 Bg5+ 53. Kc2 Bh6 54. b5 Bg7 55. b6 Bc8 56. f7+ Kf8 57. Bd6# 1-0

[Event "Sherbrooke-op B"]
[Site "Sherbrooke CAN"]
[Date "2005.05.28"]
[Round "3"]
[White "Mercier, Jonathan"]
[Black "Roy, Samuel"]
[Result "0-1"]
[WhiteElo "1125"]
[BlackElo "1485"]
[PlyCount "71"]
[GameId "2160767910968151"]
[EventDate "2005.05.27"]
[EventType "swiss"]
[EventRounds "5"]
[EventCountry "CAN"]
[SourceTitle "CBM 106 Extra"]
[Source "ChessBase"]
[SourceDate "2005.07.01"]
[SourceVersion "1"]
[SourceVersionDate "2005.07.01"]
[SourceQuality "1"]

1. d4 d5 2. Nf3 Nf6 3. Nc3 b6 4. Bf4 Ba6 5. a4 c6 6. Bxb8 Qxb8 7. Ne5 Qc7 8. g3 e6 9. Nb1 Bd6 10. Nf3 O-O 11. Nbd2 Rfe8 12. c4 dxc4 13. e4 Bb4 14. e5 Ne4 15. Qc2 Nxd2 16. Nxd2 Rad8 17. O-O-O Rxd4 18. Nf3 Rxd1+ 19. Qxd1 Rd8 20. Qc2 b5 21. Be2 Bc5 22. Ng5 g6 23. f4 Be3+ 24. Kb1 Rd2 25. Qc3 Qb6 26. a5 Qd4 27. Qxd4 Bxd4 28. Bf3 Rxb2+ 29. Kc1 c3 30. Be4 Re2 31. h4 h6 32. Nxe6 fxe6 33. Bxg6 Bb7 34. Rd1 Rg2 35. f5 Rg1 36. Kc2 0-1

[Event "Sherbrooke-op B"]
[Site "Sherbrooke CAN"]
[Date "2005.05.28"]
[Round "3"]
[White "Paquette, Benoit"]
[Black "Duplessis, Jean-Roch"]
[Result "1-0"]
[WhiteElo "1570"]
[BlackElo "1644"]
[PlyCount "59"]
[GameId "2160767910968152"]
[EventDate "2005.05.27"]
[EventType "swiss"]
[EventRounds "5"]
[EventCountry "CAN"]
[SourceTitle "CBM 106 Extra"]
[Source "ChessBase"]
[SourceDate "2005.07.01"]
[SourceVersion "1"]
[SourceVersionDate "2005.07.01"]
[SourceQuality "1"]

1. Nf3 d5 2. g3 Nf6 3. Bg2 g6 4. O-O Bg7 5. d3 O-O 6. Nbd2 b6 7. c4 e6 8. Rb1 Bb7 9. b4 dxc4 10. Nxc4 Nbd7 11. Bb2 Rb8 12. Qd2 Qe7 13. b5 Rfd8 14. Nd4 e5 15. Nc6 Bxc6 16. bxc6 b5 17. Na5 Nb6 18. Nb7 Re8 19. Qa5 a6 20. Qxa6 Ra8 21. Qxb5 Rxa2 22. Ra1 Rea8 23. Rxa2 Rxa2 24. Bxe5 Rxe2 25. Bd4 Nfd5 26. Bxg7 Kxg7 27. Bxd5 Re5 28. Qb2 Nxd5 29. f4 Ne3 30. Re1 1-0

[Event "Sherbrooke-op B"]
[Site "Sherbrooke CAN"]
[Date "2005.05.28"]
[Round "3"]
[White "Pilon, Robert"]
[Black "Jette, Stephane"]
[Result "1-0"]
[WhiteElo "1480"]
[BlackElo "1600"]
[PlyCount "83"]
[GameId "2160767910968153"]
[EventDate "2005.05.27"]
[EventType "swiss"]
[EventRounds "5"]
[EventCountry "CAN"]
[SourceTitle "CBM 106 Extra"]
[Source "ChessBase"]
[SourceDate "2005.07.01"]
[SourceVersion "1"]
[SourceVersionDate "2005.07.01"]
[SourceQuality "1"]

1. d4 Nf6 2. c4 e6 3. Nc3 Bb4 4. Qc2 O-O 5. Bg5 d5 6. e3 Nbd7 7. Nf3 h6 8. Bh4 c6 9. Bd3 a5 10. O-O Bxc3 11. bxc3 b5 12. Bg3 bxc4 13. Be2 Ne4 14. Rfc1 Nxg3 15. hxg3 c5 16. Rab1 Ba6 17. g4 Rb8 18. g5 hxg5 19. Nxg5 g6 20. Bh5 Nf6 21. Bxg6 Qc7 22. Rxb8 Qxb8 23. g3 Qc7 24. Bh5 Bb7 25. Kg2 Ne4 26. Nxe4 dxe4 27. Qe2 f5 28. Rh1 Rf6 29. Qxc4 Bd5 30. Qa4 Bc6 31. Qc4 Bd5 32. Qb5 Bc6 33. Qxc5 Qb7 34. Qd6 Qd7 35. Qxd7 Bxd7 36. Be2 Kf8 37. Rh8+ Ke7 38. Ra8 Kd6 39. Rxa5 Rf8 40. c4 Rb8 41. c5+ Kc7 42. a4 1-0

[Event "Sherbrooke-op B"]
[Site "Sherbrooke CAN"]
[Date "2005.05.28"]
[Round "3"]
[White "Salvas, Guy"]
[Black "Viens, Nicolas"]
[Result "1-0"]
[WhiteElo "1429"]
[BlackElo "1348"]
[PlyCount "77"]
[GameId "2160767910968155"]
[EventDate "2005.05.27"]
[EventType "swiss"]
[EventRounds "5"]
[EventCountry "CAN"]
[SourceTitle "CBM 106 Extra"]
[Source "ChessBase"]
[SourceDate "2005.07.01"]
[SourceVersion "1"]
[SourceVersionDate "2005.07.01"]
[SourceQuality "1"]

1. e4 e5 2. Nf3 d6 3. h3 Nf6 4. Nc3 Nc6 5. d3 Be7 6. Be3 O-O 7. Be2 d5 8. exd5 Nxd5 9. Bd2 Be6 10. O-O Re8 11. Re1 Nxc3 12. Bxc3 Bd6 13. Bf1 f6 14. d4 exd4 15. Nxd4 Nxd4 16. Qxd4 c5 17. Qd2 Qc7 18. a4 Rad8 19. Qc1 Bf4 20. Qb1 Bh2+ 21. Kh1 Bf4 22. Rd1 a6 23. Rxd8 Rxd8 24. Qe1 Qc6 25. Kg1 Qd5 26. b3 Re8 27. Bc4 Qc6 28. Qe2 Kf8 29. Bxe6 Rxe6 30. Qd3 Qe8 31. Qxh7 Re2 32. Qh8+ Kf7 33. Qh5+ g6 34. Qd5+ Kg7 35. Qxc5 Kh6 36. Bb4 Kg7 37. Rd1 g5 38. Qf5 Rxc2 39. Qxc2 1-0

[Event "Sherbrooke-op B"]
[Site "Sherbrooke CAN"]
[Date "2005.05.28"]
[Round "3"]
[White "Vincent, Pascal"]
[Black "Legendre, Leonard"]
[Result "1-0"]
[WhiteElo "1384"]
[BlackElo "1456"]
[PlyCount "83"]
[GameId "2160767910968156"]
[EventDate "2005.05.27"]
[EventType "swiss"]
[EventRounds "5"]
[EventCountry "CAN"]
[SourceTitle "CBM 106 Extra"]
[Source "ChessBase"]
[SourceDate "2005.07.01"]
[SourceVersion "1"]
[SourceVersionDate "2005.07.01"]
[SourceQuality "1"]

1. e4 c5 2. Nc3 e6 3. g3 Nc6 4. Bg2 Nf6 5. d3 Be7 6. f4 d6 7. Nf3 d5 8. e5 Nd7 9. O-O f6 10. exf6 Nxf6 11. Qe2 O-O 12. Bh3 Qd7 13. Re1 Nd8 14. Ne5 Qe8 15. b3 Bd6 16. Ba3 b6 17. d4 Qe7 18. Nb5 Ne8 19. Nxd6 Qxd6 20. Rad1 Qc7 21. Bb2 Nd6 22. c4 Re8 23. dxc5 bxc5 24. cxd5 exd5 25. Bg2 Bb7 26. Bxd5+ Bxd5 27. Rxd5 N8f7 28. Qg4 c4 29. Rc1 Qb7 30. Nxf7 Qxf7 31. Rxd6 cxb3 32. Rd7 Re7 33. Rxe7 Qxe7 34. axb3 Qe3+ 35. Kf1 Qd3+ 36. Qe2 Qxb3 37. Rc7 Qb4 38. Rxg7+ Kf8 39. Rxh7 Kg8 40. Qg4+ Kf8 41. Qg7+ Ke8 42. Rh8+ 1-0

[Event "Sherbrooke-op B"]
[Site "Sherbrooke CAN"]
[Date "2005.05.28"]
[Round "4"]
[White "Bourassa, Samuel"]
[Black "Pilotte, Benoit"]
[Result "0-1"]
[WhiteElo "1706"]
[BlackElo "1715"]
[PlyCount "41"]
[GameId "2160767910968157"]
[EventDate "2005.05.27"]
[EventType "swiss"]
[EventRounds "5"]
[EventCountry "CAN"]
[SourceTitle "CBM 106 Extra"]
[Source "ChessBase"]
[SourceDate "2005.07.01"]
[SourceVersion "1"]
[SourceVersionDate "2005.07.01"]
[SourceQuality "1"]

1. e4 d6 2. d4 Nf6 3. Nc3 g6 4. f3 Bg7 5. Be3 O-O 6. Qd2 c6 7. h4 b5 8. Bd3 Nbd7 9. g4 h5 10. g5 Ne8 11. f4 b4 12. Nce2 c5 13. c3 bxc3 14. bxc3 cxd4 15. cxd4 Nc5 16. f5 Nxd3+ 17. Qxd3 gxf5 18. g6 fxe4 19. Qxe4 d5 20. Qf4 Bg4 21. Nf3 0-1

[Event "Sherbrooke-op B"]
[Site "Sherbrooke CAN"]
[Date "2005.05.28"]
[Round "4"]
[White "Courteau, Bernard"]
[Black "Pilon, Robert"]
[Result "1/2-1/2"]
[WhiteElo "1667"]
[BlackElo "1480"]
[PlyCount "62"]
[GameId "2160767910968158"]
[EventDate "2005.05.27"]
[EventType "swiss"]
[EventRounds "5"]
[EventCountry "CAN"]
[SourceTitle "CBM 106 Extra"]
[Source "ChessBase"]
[SourceDate "2005.07.01"]
[SourceVersion "1"]
[SourceVersionDate "2005.07.01"]
[SourceQuality "1"]

1. e4 e6 2. d4 d5 3. e5 c5 4. c3 cxd4 5. cxd4 Bb4+ 6. Bd2 Bxd2+ 7. Qxd2 Nc6 8. Nc3 Nge7 9. f4 Nf5 10. Nf3 Qb6 11. O-O-O a6 12. g4 Nfe7 13. Kb1 Bd7 14. h3 Na5 15. Rh2 Nc4 16. Bxc4 dxc4 17. d5 exd5 18. Nxd5 Nxd5 19. Qxd5 O-O-O 20. Qxc4+ Bc6 21. Rhd2 Kb8 22. Rxd8+ Rxd8 23. Rxd8+ Qxd8 24. Nd4 Bg2 25. Qd3 Qd5 26. Kc1 Bxh3 27. Qxh3 Qxd4 28. Qg3 Qc4+ 29. Kb1 Qe4+ 30. Kc1 Qc4+ 31. Kb1 Qe4+ 1/2-1/2

[Event "Sherbrooke-op B"]
[Site "Sherbrooke CAN"]
[Date "2005.05.29"]
[Round "4"]
[White "Fabry, Christian"]
[Black "Vincent, Pascal"]
[Result "1/2-1/2"]
[WhiteElo "1314"]
[BlackElo "1384"]
[PlyCount "110"]
[GameId "2160767910968160"]
[EventDate "2005.05.27"]
[EventType "swiss"]
[EventRounds "5"]
[EventCountry "CAN"]
[SourceTitle "CBM 106 Extra"]
[Source "ChessBase"]
[SourceDate "2005.07.01"]
[SourceVersion "1"]
[SourceVersionDate "2005.07.01"]
[SourceQuality "1"]

1. e4 e5 2. d4 exd4 3. Qxd4 Nc6 4. Qe3 b6 5. Nc3 Bc5 6. Qf3 Qf6 7. Bc4 Bxf2+ 8. Qxf2 Qxf2+ 9. Kxf2 Nd4 10. Bd3 Ne7 11. Be3 Ne6 12. Nd5 Ng6 13. Ne2 O-O 14. Nef4 c6 15. g3 cxd5 16. exd5 Nc5 17. Bxc5 bxc5 18. Nxg6 fxg6+ 19. Kg2 Bb7 20. c4 Rf6 21. Rhf1 Raf8 22. a3 a5 23. Rxf6 gxf6 24. Kf2 d6 25. Rb1 Rd8 26. b4 cxb4 27. axb4 axb4 28. Rxb4 Rd7 29. Ke3 Kf7 30. Kd4 h5 31. c5 dxc5+ 32. Kxc5 Bxd5 33. Rd4 Be6 34. Rxd7+ Bxd7 35. Kd6 Bh3 36. Bc4+ Kg7 37. Kd5 g5 38. Ke4 Kg6 39. Kf3 Bg4+ 40. Kg2 Bf5 41. Kf3 Bd7 42. Bd5 h4 43. Bb7 hxg3 44. hxg3 f5 45. Bd5 Kf6 46. Ke3 Ke5 47. Bb7 f4+ 48. gxf4+ gxf4+ 49. Kf3 Bh3 50. Kf2 Bg4 51. Bc6 Bd1 52. Bb7 Kf5 53. Bc6 Kg4 54. Bb7 f3 55. Bxf3+ Bxf3 1/2-1/2

[Event "Sherbrooke-op C"]
[Site "Sherbrooke CAN"]
[Date "2005.05.27"]
[Round "1"]
[White "Ben Ali, Amine"]
[Black "Beauchesne, Jonathan"]
[Result "1-0"]
[WhiteElo "1432"]
[BlackElo "1233"]
[PlyCount "73"]
[GameId "2160767910968162"]
[EventDate "2005.05.27"]
[EventType "swiss"]
[EventRounds "5"]
[EventCountry "CAN"]
[SourceTitle "CBM 106 Extra"]
[Source "ChessBase"]
[SourceDate "2005.07.01"]
[SourceVersion "1"]
[SourceVersionDate "2005.07.01"]
[SourceQuality "1"]

1. e4 c5 2. Nf3 e6 3. g3 b6 4. d4 cxd4 5. Nxd4 Bb7 6. Bg2 Nc6 7. Nb5 Qb8 8. Qf3 Ne5 9. Qc3 Bc5 10. Bf4 d6 11. Be3 Nf6 12. Nd2 a6 13. Bxc5 dxc5 14. Na3 O-O 15. f3 Qc7 16. Nac4 Nxc4 17. Qxc4 Rad8 18. O-O-O Rd4 19. Qe2 Rfd8 20. e5 Ne8 21. f4 b5 22. Nf3 Rxd1+ 23. Rxd1 Rxd1+ 24. Kxd1 c4 25. Nd4 g6 26. h4 Qb6 27. c3 Nc7 28. a3 Bxg2 29. Qxg2 Nd5 30. Qd2 Qc5 31. g4 Kf8 32. f5 gxf5 33. gxf5 Qc8 34. fxe6 fxe6 35. Qh6+ Kg8 36. Nxe6 Qd7 37. Qf8# 1-0

[Event "Sherbrooke-op C"]
[Site "Sherbrooke CAN"]
[Date "2005.05.27"]
[Round "1"]
[White "Bourque, Laurent"]
[Black "Dupont, Claude"]
[Result "0-1"]
[WhiteElo "807"]
[BlackElo "1384"]
[PlyCount "102"]
[GameId "2160767910968163"]
[EventDate "2005.05.27"]
[EventType "swiss"]
[EventRounds "5"]
[EventCountry "CAN"]
[SourceTitle "CBM 106 Extra"]
[Source "ChessBase"]
[SourceDate "2005.07.01"]
[SourceVersion "1"]
[SourceVersionDate "2005.07.01"]
[SourceQuality "1"]

1. c4 e5 2. Nc3 Nf6 3. g3 Bb4 4. Bg2 c6 5. Nf3 Bxc3 6. bxc3 O-O 7. Nxe5 d6 8. Nf3 Qa5 9. O-O Be6 10. Qb3 b5 11. d3 Nbd7 12. Ng5 Nc5 13. Qc2 Bd7 14. cxb5 Qxb5 15. Rb1 Qa6 16. d4 Ne6 17. e4 h6 18. Nxe6 Bxe6 19. e5 dxe5 20. dxe5 Nd7 21. Re1 Qxa2 22. Rb2 Qa6 23. Bf1 Qc8 24. h4 a5 25. f4 f5 26. Qa4 Nc5 27. Qd4 Ne4 28. Rxe4 fxe4 29. Qxe4 Bd5 30. Qg6 Qf5 31. Qd6 Qe4 32. Rg2 Qb1 33. Be3 Bxg2 34. Kxg2 Qb2+ 35. Kg1 Qxc3 36. Bd2 Qxg3+ 37. Bg2 Qxh4 38. Bxc6 Qg3+ 39. Kh1 Rad8 40. Bd5+ Kh8 41. Qe6 Qd3 42. f5 Qxd5+ 43. Kg1 Qxe6 44. fxe6 Rxd2 45. e7 Re8 46. Kf1 a4 47. Ke1 Rh2 48. e6 a3 49. Kf1 a2 50. Kg1 Rb2 51. Kh1 a1=Q# 0-1